000 006390000a22001810004500
003 MACL
005 20211029160453.0
008 160505b xxu||||| |||| 00| 0 eng d
040 _aMACL
_cMACL
041 _aHindi
082 _a800 MIS
100 _aमिश्र, कु. विधोत्‍तमा
_955330
245 _aपद़मावत की जमीन
_cकु. विधोत्‍तमा मिश्र
260 _bसंजय बुक संन्‍टर
_c2001
_aवाराणसी
350 _a275
650 _aकाव्‍य समीक्षा
_955331
942 _cHIN
_k891.433/MIS/N
_2ddc
999 _c10945
_d10945